00656nam a2200241 a 4500001001300000003000900013005001700022008004100039020001000080082001300090100002400103245002300127260002600150300000900176500003500185505001000220650001700230700002400247902000800271942000700279952011300286999001500399nice12345678IN_TiNIC20260116012009.0050524s1971 lona grp 000 0 eng  ac10000a232bMUG aMuggeridge, Malcolm aJesus Rediscovered aLondonbCollinsc1971 a205p aincludes index and biblioraphy2 aIndex aJesus Christ1 aMuggeridge, Malcolm bSRS cBK 001040708StackRoom-aHMIbHMId2007-06-15g100.00l0o232 MUGp08330r2007-06-15v100.00w2005-05-24yBK c5212d5212